FC 25 Heroes Origin and Prime - Statistics

General Stats
  • This quiz has been taken 27 times
  • The average score is 6 of 14
Answer Stats
rats pos leag hero % Correct
FC 25 Hero 86/90 LM Premier League Eden Hazard
92%
FC 25 Hero 86/90 RB Serie A Maicon
68%
FC 25 Hero 85/89 CM Premier League Yaya Touré
52%
FC 25 Hero 85/89 GK Premier League Tim Howard
48%
FC 25 Hero 86/89 LM Bundesliga Zé Roberto
48%
FC 25 Hero 86/88 CM La Liga Guti
44%
FC 25 Hero 86/88 CM Liverpool Jamie Carragher
44%
FC 25 Hero 88/91 ST Frauen-Bundesliga Celia Šašić
40%
FC 25 Hero 85/89 CB Premier League Jaap Stam
40%
FC 25 Hero 85/88 CDM Ligue 1 Blaise Matuidi
36%
FC 25 Hero 85/89 CB Division 1 Féminine Laura Georges
36%
FC 25 Hero 85/88 CAM Saudi Pro League Mohammed Noor
36%
FC 25 Hero 86/88 CM Women's Super League Fara Williams
32%
FC 25 Hero 85/89 CAM Serie A Marek Hamšík
24%
No matching quizzes found
Score Distribution
Percent of People with Each Score
Percentile by Number Answered
Your Score History
You have not taken this quiz